Television Engineering Handbook / (Record no. 183323)

000 -LEADER
fixed length control field 00675 a2200181 4500
003 - CONTROL NUMBER IDENTIFIER
control field Nust
005 - DATE AND TIME OF LATEST TRANSACTION
control field 20221229142804.0
040 ## - CATALOGING SOURCE
Transcribing agency Nust
082 ## - DEWEY DECIMAL CLASSIFICATION NUMBER
Classification number 621.388,TEL
100 ## - MAIN ENTRY--PERSONAL NAME
Personal name Fink Donald G
9 (RLIN) 41620
245 ## - TITLE STATEMENT
Title Television Engineering Handbook /
Statement of responsibility, etc. Fink Donald G
260 ## - PUBLICATION, DISTRIBUTION, ETC.
Place of publication, distribution, etc. New York
Name of publisher, distributor, etc. McGraw Hill
Date of publication, distribution, etc. 1957
300 ## - PHYSICAL DESCRIPTION
Extent various paging
505 ## - FORMATTED CONTENTS NOTE
Formatted contents note Introduction (Page 1-2), Radio Frequency Data (Page 1-2), Video Frequency (Page 1-8), Numerical Constants Of Vision (Page 1-23), Definitions Of Terms (Page 1-35), Bibliography Of Physical And Mathematical Data (Page 1-65).
600 ## - SUBJECT ADDED ENTRY--PERSONAL NAME
Personal name Donald G Fink
9 (RLIN) 106384
650 ## - SUBJECT ADDED ENTRY--TOPICAL TERM
Topical term or geographic name entry element Engineering Handbook
9 (RLIN) 106385
942 ## - ADDED ENTRY ELEMENTS (KOHA)
Source of classification or shelving scheme
Koha item type Book
Holdings
Withdrawn status Lost status Source of classification or shelving scheme Damaged status Not for loan Permanent Location Current Location Shelving location Date acquired Full call number Barcode Date last seen Price effective from Koha item type Public note
          Military College of Signals (MCS) Military College of Signals (MCS) General Stacks 12/12/2016 621.388,TEL MCS6817 12/08/2016 12/12/2016 Book Almirah No.39, Shelf No.5
© 2023 Central Library, National University of Sciences and Technology. All Rights Reserved.